000
00309nam a2200121Ia 4500
008
190216s9999||||xx |||||||||||||| ||und||
100
_a
Ragnar Nurkse
245
0
_a
Problems Of Capital Formation In Under Developed Countries
260
_b
Vrinda Pub
_c
1955
300
_a
163p
650
_a
Commerce
942
_c
BK
999
_c
9378
_d
9378